[Event "FIDE-Wch k.o."]
[Site "Moscow"]
[Date "2001.11.30"]
[Round "2.2"]
[White "Dautov, Rustem"]
[Black "Nikolic, Predrag"]
[Result "1/2-1/2"]
[WhiteElo "2630"]
[BlackElo "2652"]
[Annotator "Dautov,R"]
[PlyCount "83"]
[EventDate "2001.11.27"]
[EventType "k.o."]
[EventRounds "7"]
[EventCountry "RUS"]
[SourceTitle "CBM 086"]
[Source "ChessBase"]
[SourceDate "2002.02.05"]
[SourceVersion "1"]
[SourceVersionDate "2002.02.05"]
[SourceQuality "1"]

1. d4 Nf6 2. c4 e6 3. Nf3 b6 4. g3 Ba6 5. b3 Bb7 6. Bg2 Bb4+ 7. Bd2 c5 8. Bxb4
cxb4 9. O-O O-O 10. Qd3 {Ein geradliniger und logischer Aufbau. Weiß will nach
e2-e4 seine Bauernmajorität im Zentrum spielen lassen.} d6 11. Nbd2 Re8 $146 (
11... Qc7 12. Ne1 (12. e4 e5 13. Ne1 Nc6 14. Nc2 a5 15. Rfe1 Rfe8 $13) 12...
Bxg2 (12... Nc6 13. f4 $1) 13. Nxg2 Nc6 14. f4 $1 d5 (14... e5 $6 15. fxe5 dxe5
16. Rxf6 $1 gxf6 17. Ne4 $40) 15. Rfc1 $6 (15. Ne1 $1) 15... Qd7 16. e3 Rfc8
17. Ne1 $1 Rc7 18. Nef3 $14 {Ruban,V-Kiselev,S/Russia (ch) 1994}) (11... a5 12.
Nh4 Bxg2 13. Nxg2 Nc6 14. Ne4 a4 15. Ne3 Nxe4 16. Qxe4 Qd7 17. d5 Na5 18. dxe6
fxe6 19. Nc2 Rac8 20. Rab1 $14 {Van Wely,L-Gelfand,B/Monte Carlo 1999}) 12.
Rad1 (12. e4 e5 {/\Nc6}) (12. Nh4 $5) 12... Nbd7 13. Nh4 {Durch den
Läuferabtausch gewinnt Weiß Zeit für die typische Überführung eines Springers
auf das Schlüsselfeld e3. Etwas genauer war jedoch 13.Ne1.} (13. Ne1 $142 $1)
13... Bxg2 ({In Frage kam} 13... d5 $1 14. Nhf3 (14. e4 $6 g5 15. e5 gxh4 16.
exf6 Qxf6 $15) 14... Ne4 $132) 14. Nxg2 e5 15. e4 {Nun ist es an der Zeit, das
Feld e4 zu besetzen.} (15. Ne3 $6 e4 16. Qc2 b5 $1 $132 {würde Schwarz sehr
gut schmecken:} 17. f3 exf3 18. Rxf3 bxc4 19. bxc4 Qb6 $15) 15... Nf8 {Nikolic
verzichtet vernünftigerweise auf das Schlagen auf d4 und erzwingt lieber den
Bauerntausch auf e5.} (15... exd4 $2 16. Qxd4 Nc5 17. f3 Ne6 18. Qf2 Nc5 {><d6}
19. Ne3 $14 {[%csl Rd6]}) 16. Ne3 Ne6 17. dxe5 dxe5 18. Nd5 Nc5 19. Qb1 ({
Weniger klar war das voreilige} 19. Qe3 a5 20. f4 $6 exf4 21. Qxf4 Ra7 $1 {
mit der Idee} 22. Nxf6+ Qxf6 23. Qxf6 gxf6 24. Rxf6 $2 Rd7 $17) 19... a5 20.
Rfe1 $14 {Die entstandene Stellung ist zweifelsohne etwas besser für Weiß,
dessen stolzer Springer d5 mehr "wiegt" als der schwarze Nc5. Mit den nächsten
Zügen verbessert Weiß die Stellung seines zweiten Springers während Schwarz
seine beste Verteidigungsstellung einnimmt.} Rc8 21. Nf1 Nfd7 22. Nfe3 Rc6 23.
f3 h5 24. Kg2 g6 25. Qb2 {/\a3 Um seinen Druck zu verstärken wird Weiß den
Damenflügel öffnen müssen.} Qc8 26. Rd2 {Hier verfiel ich auf die Idee, den
Springer e3 via c2 auf b5 zu überführen. Wesentlich einfacher war jedoch der
sofortige Vorstoß 26.a3.} (26. a3 bxa3 27. Qxa3 Nf8 28. b4 axb4 29. Qxb4 Nfd7 (
29... Qe6 30. Qb5 Nh7 31. h4 Nf8 32. Re2 Nfd7 33. Red2 $14) 30. Re2 Kg7 31.
Red2 $14 {Weiß hat Fortschritte gemacht: der Bauer b6 ist schwach und das
langsame Eindringen in die schwarze Stellung (Qb5,Nb4,Rd6 oder Ra2-a7) läßt
sich auf Dauer nicht vermeiden.}) 26... Nf8 27. Nc2 Nh7 {/\Ng5} 28. h4 Kg7 29.
Nde3 $6 ({Entschlossener wäre} 29. a3 bxa3 30. Nxa3 $14 {/\Nb5 mit der Idee} f5
$2 31. Nb5 fxe4 32. Na7 exf3+ 33. Kh2 $18) 29... Nf6 30. a3 bxa3 31. Nxa3 Rd8
32. Nd5 Qb8 33. Nb5 Rd7 34. Red1 Re6 35. Kg1 $6 {/\ 36.Nxf6 Rxd2 37.Nxh5++/-} (
35. b4 $1 axb4 36. Qxb4 $14) 35... Nxd5 $1 {Gerade zur richtigen Zeit gespielt.
} 36. cxd5 {Scheint am besten zu sein , eigentlich ist die Veränderung der
Bauernstruktur günstig für Weiß. Aber gerade hier sieht man die Nachteile der
schönen Springerposition auf b5 - Schwarz kann schnell das Gegenspiel mit
f7-f5 aufziehen.} (36. Rxd5 $14) (36. exd5 Re8 37. Re2 Kg8 $14) 36... Re8 37.
Kg2 ({Besser war} 37. b4 axb4 (37... Na6 38. bxa5 bxa5 39. Na3 $1 Qxb2 40. Rxb2
$14) 38. Qxb4 Qd8 {/\g5} 39. Qc3 Kh7 (39... g5 40. Rh2 $14) 40. Qe3 f5 41. Nc3
Qf6 $14) 37... Kh7 38. Qb1 $6 (38. b4 $14) 38... Qd8 $132 {/\g5} 39. b4 {
Hier vermisste ich schmerzlich meinen Springer auf e3.} axb4 40. Qxb4 f5 41.
Nc3 Rg8 (41... f4 42. Ne2 fxg3 43. Rh1 $13) 42. Rh1 {Hier beschloß ich, daß
die Zeit reif für ein Remisangebot ist. Der schwarze Angriff kann leicht
gefährlich werden.} (42. Rh1 Qf6 43. Na4 $2 (43. Qb5 Rf7 44. Qc6 $1 $11) 43...
fxe4 44. fxe4 Rf7 45. Nxc5 Qf3+ 46. Kh2 bxc5 47. Qxc5 g5 $40) 1/2-1/2

[Event "Bundesliga 9798"]
[Site "Germany"]
[Date "1998.01.31"]
[Round "8.1"]
[White "Dautov, Rustem"]
[Black "Sax, Gyula"]
[Result "1-0"]
[WhiteElo "2595"]
[BlackElo "2570"]
[Annotator "Dautov,R"]
[PlyCount "103"]
[EventDate "1997.10.18"]
[EventType "team-tourn"]
[EventRounds "15"]
[EventCountry "GER"]
[SourceTitle "CBM 063"]
[Source "ChessBase"]
[SourceDate "1998.03.26"]
[SourceVersion "1"]
[SourceVersionDate "1998.03.26"]
[SourceQuality "1"]
[WhiteTeam "St Ingbert"]
[BlackTeam "Duisburg"]
[WhiteTeamCountry "GER"]
[BlackTeamCountry "GER"]

1. d4 Nf6 2. c4 e6 3. Nf3 b6 4. g3 Ba6 5. b3 Bb4+ 6. Bd2 Be7 7. Bg2 c6 8. Bc3
d5 9. Ne5 Nfd7 10. Nxd7 Nxd7 11. Nd2 O-O 12. O-O Rc8 13. e4 c5 14. exd5 exd5
15. dxc5 dxc4 16. c6 cxb3 17. Re1 b2 18. Bxb2 Nc5 19. Nb3 $5 $146 (19. Qg4 Bf6
20. Bxf6 Qxf6 21. Qf3 Qxf3 22. Bxf3 Bb5 23. Re7 $11 {Timoschenko-Bagaturov/
Enakievo 1997}) (19. Nc4 Bxc4 (19... Nd3 20. Rxe7 $1 Bxc4 21. Rd7 Nxb2 22. Rxd8
Nxd1 23. Rdxd1 $1 $14) 20. Qg4 Bg5 $1 21. Qxc4 Nd3 22. Be5 $1 Nxe1 23. Rxe1 Bf6
$1 24. Bxf6 (24. Bh3 $2 Qd2 25. Kf1 Rce8 $17 {Komarov}) 24... Qxf6 25. c7 Qd6
26. Rc1 b5 27. Qc2 g6 28. Bb7 b4 $11 {Georgiev,K-Komarov,D/JUG-chT 1997}) (19.
Ba3 Bb5 $1 (19... Bd6 $2 20. Nb3 Nd3 21. Bxd6 Qxd6 22. Nc1 Rfd8 23. Nxd3 Bxd3
24. Qa4 $16 {Gheorghiu,F-Cserna,L/Berlin op 1986}) 20. Nb3 Bf6 $1 21. Nxc5 bxc5
22. Rb1 (22. Bxc5 Bxa1 23. Bxf8 Qxf8 24. Qxa1 Bxc6 $11) 22... Qxd1 23. Rexd1
Bxc6 24. Bxc5 Bxg2 25. Bxf8 Bf3 $11) 19... Nd3 (19... Qxd1 $2 20. Raxd1 Rfe8
21. Bh3 $16) (19... Bb5 $2 20. Qg4 Bf6 21. Nxc5 Bxb2 22. Rad1 Qc7 23. Rd7 Qb8
24. Na4 Bf6 25. Rb7 Qd6 (25... Qa8 26. c7 $16) 26. Rxa7 Bxc6 27. Nxb6 $16) 20.
Re2 Bb4 $1 (20... Bf6 $2 21. Bxf6 Qxf6 22. Rd2 Rfd8 23. Qg4 $1 $16 {/\Qa4,/
\Rad1}) (20... Qc7 $2 21. Bd4 $1 Rfd8 22. Re3 $1 Nc5 23. Qg4 g6 24. Rae1 $16) (
20... Qd6 $5 21. Bc3 Rfd8 $13) (20... Nxb2 21. Rxb2 Qxd1+ 22. Rxd1 Rfd8 23.
Rxd8+ $1 (23. Rd7 $6 Rxd7 24. cxd7 Rc7 $1 25. Rd2 Bd8 $15 {/\Kf8-e7}) 23...
Rxd8 (23... Bxd8 24. Rd2 Bf6 25. Rd7 $14) 24. h4 Kf8 25. Rc2 $14) 21. Bd4 {
/\Re3} Nc5 $2 (21... Bc5 $1 22. Nxc5 (22. Bc3 $2 Nf4 $1 23. Rd2 Ne2+ 24. Kh1
Qe7 $1 (24... Nxc3 $2 25. Rxd8 Nxd1 26. Rdxd1 Bxf2 27. Rd7 $44) 25. Bb2 Bxf2
$17) (22. Bxc5 bxc5 23. Rd2 c4 $11) 22... bxc5 23. Bc3 Bb5 $1 (23... c4 $2 24.
Rb1 $16) 24. Re3 c4 25. Qg4 g6 26. a4 Bxc6 27. Qxc4 Bxg2 28. Qxd3 $11) 22. Rc2
$1 (22. Re3 Ne6 23. Bc3 (23. Be5 Qxd1+ 24. Rxd1 Bb5 25. Rc1 Rfe8 $13 {/\Nc5})
23... Qxd1+ 24. Rxd1 Bxc3 25. Rxc3 Rfd8 26. Rxd8+ Rxd8 27. f4 Kf8 $14) 22...
Bd3 (22... Ne6 23. Be3 Bd3 24. Rcc1 $16) 23. Nxc5 $1 Bxc2 (23... Bxc5 24. Qxd3
Qxd4 25. Qxd4 Bxd4 26. Rd1 $16) (23... bxc5 24. Qxd3 Qxd4 25. Qxd4 cxd4 26. Rc4
Bc3 27. Rb1 $16) 24. Qg4 g6 $2 (24... Bg6 25. Nd7 Re8 26. Bxg7 $1 (26. Bxb6 $5
axb6 27. Qxb4 Re2 $132) 26... Kxg7 27. Qxb4 Re6 $1 (27... Qe7 $2 28. Qd4+ f6
29. g4 $1 h6 30. h4 $16) 28. Qd4+ f6 29. g4 h6 30. h4 Be8 31. g5 hxg5 32. hxg5
Bxd7 33. cxd7 Rc7 34. Rd1 $40) 25. Nd7 Bf5 26. Qf4 Bxd7 27. cxd7 Rc4 (27... Rc7
28. Bf6 Bd2 $1 29. Bxd8 Bxf4 30. Bxc7 Bxc7 31. Rc1 $16) (27... Rc2 28. Be4 $1 (
28. Qe5 $2 f6 29. Qe6+ Kg7 30. Qb3 Bc5 31. Qxc2 Bxd4 32. Rd1 Qxd7 $11) 28...
Rc4 (28... Rc7 29. Bf6 $16) (28... Rd2 $2 29. Bf6 Bd6 30. Qh4 $1 $18) 29. Qe5
Rxd4 30. Qxd4 Bc5 31. Qd2 Qe7 32. Rd1 Rd8 33. Bc6 $16) 28. Qe5 Rxd4 29. Qxd4
Qe7 30. Rd1 Rd8 31. Bc6 $16 Bc5 (31... Qe2 32. Kg2 Bc5 33. Rd2 $1 Qe6 34. Qa4
a6 35. Bb7 $1 Qe1 (35... a5 36. Bc6 $16) 36. Qf4 Qe7 37. Qc7 a5 38. Bc6 $16)
32. Qf4 Kg7 33. h4 h5 34. Kg2 Qe6 (34... Qf6 35. Qxf6+ Kxf6 36. Re1 Be7 37. f3
$18 {/\g4-g5}) 35. Qf3 Qe7 36. Rd2 Qf6 37. Re2 Bd6 38. Re8 $18 Bc7 39. Qxf6+
Kxf6 40. Kf3 Kf5 41. Ke3 a6 (41... Kg4 42. Ke4 a6 43. Re7 f5+ 44. Kd5 Kf3 45.
Ke6+ Kxf2 46. Re8 Kxg3 47. Ke7 $18) (41... g5 42. hxg5 Kxg5 43. Ke4 Kf6 44. Kd5
a6 45. Bb5 $3 axb5 46. Kc6 $18) 42. Kd4 Kf6 43. Kd5 b5 44. Kc5 Ba5 (44... Kf5
45. a4 bxa4 46. Bxa4 Kf6 47. Kc6 $18) 45. Kd6 b4 46. Bb7 Bb6 47. Bxa6 Ba5 48.
Bc4 Bb6 49. Bb3 Ba5 50. f4 Bb6 51. Kc6 Ba5 52. Re5 1-0

[Event "SUI-ch int"]
[Site "Switzerland"]
[Date "1992.??.??"]
[Round "1"]
[White "Kishnev, Sergey"]
[Black "Huss, Andreas"]
[Result "1-0"]
[WhiteElo "2530"]
[BlackElo "2385"]
[Annotator "Dautov,R"]
[PlyCount "85"]
[EventDate "1992.??.??"]
[EventType "tourn"]
[EventRounds "11"]
[EventCountry "SUI"]
[EventCategory "8"]
[SourceTitle "CBM 031"]
[Source "ChessBase"]
[SourceDate "1992.12.01"]
[SourceVersion "1"]
[SourceVersionDate "1992.12.01"]
[SourceQuality "1"]

1. d4 e6 2. c4 Nf6 3. Nf3 b6 4. g3 Ba6 5. b3 Bb4+ 6. Bd2 Be7 7. Bg2 c6 8. Bc3
d5 9. Nbd2 Nbd7 10. O-O O-O 11. Re1 c5 12. e4 Nxe4 (12... dxe4 13. Nxe4 Bb7 14.
Nfg5 cxd4 15. Bxd4 Qc7 $10) (12... dxe4 13. Nxe4 Bb7 14. Ned2 $5 a6 15. Qe2
cxd4 16. Nxd4 Bxg2 17. Kxg2 Qc7 $13 {Kasparov,G-Ivanchuk,V Tilburg 1989,48/685}
) 13. Nxe4 dxe4 14. Rxe4 Bb7 15. Re2 (15. Re3 Bf6 16. dxc5 (16. Rd3) 16... Bxc3
17. Rxc3 Nxc5 18. b4 Ne4 19. Re3 Qf6 20. Qd4 Rfd8 21. Qxf6 gxf6 22. Rae1 a5 23.
a3 axb4 24. axb4 Nd6 25. c5 bxc5 26. bxc5 Nf5 27. Rc3 Bxf3 28. Bxf3 Rac8 $10 {
Bukic,E-Kiselev,S Ljubljana Iskra 1992}) 15... Bf6 16. Rd2 Qe7 17. Qc2 $1 (17.
Qe2 Rad8 18. Rad1 h6 19. h4 a5 20. Qe3 cxd4 21. Bxd4 Nc5 22. Bxf6 Qxf6 23. Rd4
Bxf3 24. Bxf3 {1/2:1/2 Dlugy,M-Brown,W USA-ch 1989}) 17... Rad8 18. Rad1 Bxf3 (
18... h6 $5 19. d5 Bxc3 20. Qxc3 exd5 21. cxd5 Nf6 22. d6 Qe6 $13 {/\Ne4}) 19.
Bxf3 cxd4 20. Bxd4 Bxd4 21. Rxd4 Nf6 22. Qd2 Rxd4 23. Qxd4 Rc8 24. Bg2 Kf8 (
24... h6 25. f4 Qa3 $132) 25. f4 Qc5 26. Qxc5+ Rxc5 (26... bxc5 $2 27. Rd6 Ke7
28. Ra6 Rc7 29. Bf3 h5 30. h3 $16) 27. Rd8+ Ke7 28. Ra8 Rc7 29. Bf3 (29. h3 $5
Kd6 30. g4 h6 {/\Kc5-b4}) 29... h5 30. Kf2 Kd6 31. Ke3 (31. h3 Kc5 32. Ke3 Kb4
$132) 31... e5 $2 (31... Ng4+ $142 32. Bxg4 (32. Kd4 $2 Nxh2 33. Bxh5 Nf1)
32... hxg4 33. Kd4 Kc6 $14) 32. h3 exf4+ 33. gxf4 $1 $16 Kc5 34. a3 a5 $6 (
34... g6 35. Kd3 Nd7 36. b4+ Kd6 37. Kd4 Ke7 $16) 35. Kd3 g6 36. Kc3 Kd6 37.
Kd4 Ke6 38. Ra6 $18 {><b6} Nd7 39. Bd5+ Kf5 40. Ke3 Nc5 (40... f6 41. Be4+ $18)
41. Rxb6 Re7+ 42. Kd4 Ne4 43. Rb7 $1 1-0

[Event "FIDE-Wch k.o."]
[Site "Moscow"]
[Date "2001.11.30"]
[Round "2.3"]
[White "Dautov, Rustem"]
[Black "Nikolic, Predrag"]
[Result "1/2-1/2"]
[WhiteElo "2630"]
[BlackElo "2652"]
[Annotator "Dautov,R"]
[PlyCount "127"]
[EventDate "2001.11.27"]
[EventType "k.o."]
[EventRounds "7"]
[EventCountry "RUS"]
[SourceTitle "CBM 086"]
[Source "ChessBase"]
[SourceDate "2002.02.05"]
[SourceVersion "1"]
[SourceVersionDate "2002.02.05"]
[SourceQuality "1"]

1. d4 Nf6 2. c4 e6 3. Nf3 b6 4. g3 Ba6 5. b3 Bb4+ 6. Bd2 Bxd2+ 7. Qxd2 c6 8.
Nc3 d5 {Diese Variante wird von Nikolic des öfteren gespielt.} 9. e4 O-O $146 {
Eine neue Idee, Schwarz strebt eine "französische" Stellung an. Nicht anders
als beim Schlagen auf e4 kann Weiß auch hier auf einen leichten
Eröffnungsvorteil hoffen.} (9... Nxe4 10. Nxe4 dxe4 11. Ng5 Nd7 12. Bg2 Nf6 13.
Nxe4 Nxe4 14. Bxe4 Bb7 15. O-O O-O 16. Qe3 Qf6 17. Rad1 Rfd8 18. Rd2 Rd7 19.
Rfd1 Rad8 20. h4 $14 {Hjartarson,J-De Firmian,N/Akureyri 1994}) (9... dxe4 10.
Ng5 Nbd7 11. Ngxe4 O-O 12. Bg2 Nxe4 13. Nxe4 Nf6 14. O-O Rc8 15. Rfd1 Nxe4 16.
Bxe4 Qc7 17. Qe3 g6 18. Rd2 Bb7 19. c5 e5 20. Rad1 Rfe8 21. b4 $14 {Vyzmanavin,
A-Ikonnikov,V/Cheliabinsk 1990}) 10. e5 Ne8 ({Besser sieht} 10... Nfd7 {
aus, z.B.} 11. cxd5 (11. Bd3 f6 $132) 11... Bxf1 12. Kxf1 cxd5 (12... exd5 13.
Kg2 $14) 13. Kg2 f6 14. Rhe1 Nc6 15. exf6 Qxf6 16. Re3 Rae8 17. Rae1 $14 {
[%csl Re6] ><e6}) 11. cxd5 Bxf1 12. Kxf1 cxd5 $6 {Überläßt den schlecht
stehenden Ne8 seinem Schicksal.} ({Vorzuziehen war} 12... exd5 13. Kg2 Nc7 14.
Rac1 Ne6 15. Ne2 $14) 13. Kg2 Nc6 14. Rac1 Rc8 15. h4 h6 (15... f6 16. Rhe1
fxe5 17. Nxe5 Qf6 18. Qe3 Nxe5 19. dxe5 Qf5 20. Nb5 $14) 16. Ne2 f6 17. Nf4 Qd7
18. Rhe1 $16 {Der weiße Druck nimmt zu.} fxe5 19. Nxe5 Nxe5 20. Rxc8 Qxc8 21.
Rxe5 Nc7 22. Qe2 Re8 23. g4 $1 {Der Startschuß zum Königsangriff. Die
schwarzen Figuren sind zu schlecht platziert, um diesen ohne Verluste zu
widerstehen.} (23. Qg4 $16) 23... Qd7 24. g5 hxg5 25. hxg5 $2 {Der Tribut an
den Schnellschachmodus. Ich sah nur die Mattideen auf der h-Linie.} ({Viel
einfacher war} 25. Rxg5 $1 {, und gegen die Angriffsaufstellung Ng6+Qh5 ist
kein Kraut gewachsen.} Qf7 (25... Rf8 26. Ng6 Rf6 27. Qh5 $18) 26. Ng6 Qf6 27.
Qh5 $18) 25... Qf7 26. Qg4 g6 27. Re3 $2 {Zu hastig, da Schwarz seinen Turm
aktivieren kann.} ({Besser war} 27. f3 $1 {, um 27...Rf8 zu verhindern. Nach
dem weiteren Kg3 und eventuell a2-a4 konnte Weiß in aller Ruhe seinen Turm auf
die h-Linie überführen.}) 27... Rf8 28. Nd3 Qf5 29. Qh4 e5 $2 ({Zäher war} 
29... Rf7 $1 $14 {mit der Idee} 30. Rh3 Qe4+) 30. Rh3 $2 {Diese Ungenauigkeit
erschwert die Gewinnumsetzung enorm.} ({Ich hätte lieber meinen Zeitvorteil (8
Minuten gegen 4) in die Berechnung investieren sollen. Viel besser ist} 30.
Nxe5 Ne6 31. Rf3 Qe4 (31... Nf4+ $2 32. Kg3 Nh5+ 33. Kh2 $18) 32. Qxe4 dxe4 33.
Rxf8+ Kxf8 (33... Nxf8 34. Kg3 Ne6 35. d5 Nxg5 36. Kg4 $18) 34. Nxg6+ Kg7 35.
Ne5 Nxg5 (35... Nxd4 36. Kg3 $18) 36. Kg3 Kf6 37. Kf4 Nh3+ 38. Ke3 $18) 30...
Qe4+ 31. Qxe4 dxe4 32. Nxe5 Rf5 33. Nxg6 Kg7 $1 {Mit weniger Material und Zeit
stellt Nikolic seine Zähigkeit unter Beweis.} (33... Rxg5+ $2 34. Rg3 Rxg3+ 35.
fxg3 $1) 34. Ne7 Rxg5+ 35. Rg3 Kf6 36. Rxg5 Kxg5 37. d5 $6 {Ich war mir sicher,
forciert zu gewinnen.} ({Richtig ist die Königszentralisierung} 37. Kf1 $1 Kf6
38. Nc6 a5 39. Ke2 Nd5 40. a4 {, und nach der Überführung des Springers auf e3
gewinnt Weiß nach und nach.}) 37... Kf6 38. d6 Ne6 $8 {Diesen einzigen Zug
habe ich glatt übersehen. Auf jeden (!) anderen Springerzug gewinnt 39.Nd5+
Ke6 40.Nc7+.} (38... Nb5 39. Nd5+ Ke6 40. Nc7+ $18) 39. Nc6 $2 (39. Kg3 $1 {
war besser, z.B.} Ke5 40. Nc8 $1 Nc5 41. b4 Nd7 42. Nxa7 Kxd6 43. Kf4 $16)
39... Nf4+ $1 40. Kf1 ({Auch} 40. Kg3 Ne2+ 41. Kg4 Ke6 42. Nxa7 Kxd6 43. Kf5
Kd5 {mit der Idee Nc1 räumt Weiß nicht zu viele Gewinnchancen ein.}) 40... Ke6
41. Nxa7 Kxd6 42. Nb5+ Kc5 $1 {Der beste Weg, der schwarze König geht auf
Bauernraub.} 43. Nc3 Kb4 44. Nxe4 Ka3 45. Nc3 (45. Nd2 Kxa2 46. f3 Kb2 47. Kf2
Kc3 $11) 45... Kb2 46. Ne2 Nd3 47. Nd4 {Das Remis ist nicht zu vermeiden.} (47.
f4 Kxa2 48. f5 Kb2 $1 $11 (48... Kxb3 $4 49. Nc1+ Nxc1 50. f6 $18)) 47... Kxa2
48. Ke2 Nc1+ 49. Ke3 Nxb3 $11 50. f4 Nc5 51. f5 Nd7 52. Ke4 Kb2 $6 (52... Nf6+
$11) 53. Kd5 Nf6+ 54. Ke5 (54. Ke6 Ng4 55. Nc6 b5 56. Ne5 Nh6 57. f6 b4 58. Ng4
b3 59. Nxh6 Kc2 $11) 54... Ng4+ 55. Kf4 Nf6 56. Kg5 Ne4+ 57. Kf4 Nf6 58. Ke5
Ng4+ 59. Ke6 Kc3 60. Nb5+ Kc4 61. Nd6+ Kd4 62. Nb5+ Kc5 63. Nd6 b5 64. Nxb5
1/2-1/2

[Event "Baden-Baden"]
[Site "Baden-Baden"]
[Date "1992.12.06"]
[Round "2"]
[White "Psakhis, Lev"]
[Black "Lobron, Eric"]
[Result "1/2-1/2"]
[WhiteElo "2570"]
[BlackElo "2625"]
[Annotator "Dautov,R"]
[PlyCount "70"]
[EventDate "1992.12.??"]
[EventType "tourn"]
[EventRounds "11"]
[EventCountry "GER"]
[EventCategory "14"]
[SourceTitle "CBM 033"]
[Source "ChessBase"]
[SourceDate "1993.04.01"]
[SourceVersion "1"]
[SourceVersionDate "1993.04.01"]
[SourceQuality "1"]

1. d4 Nf6 2. Nf3 e6 3. c4 b6 4. g3 Ba6 5. Qb3 Nc6 6. Nbd2 Na5 7. Qa4 Bb7 8. Bg2
c5 9. dxc5 bxc5 10. O-O Qc7 $1 (10... Be7 11. Ne5 Bxg2 12. Kxg2 Qb6 13. Ndf3
Qb4 14. Qc2 Qb7 15. Rd1 Nc6 (15... O-O $5 16. Qa4 Qb4 $1 $10 {Ftacnik}) 16. Qb3
Qc7 17. Bf4 Nxe5 18. Nxe5 g5 19. Qf3 O-O 20. Nxd7 gxf4 21. Nxf8 Rxf8 22. gxf4
$13 {Ftacnik,L-Farago,I Warszawa zt 1987}) 11. Re1 (11. Nb3 Nxb3 12. Bf4 Bd6
13. Bxd6 Qxd6 14. Qxb3 Qc7 $10 {Dautov,R-Ribli,Z BL9192 Empor-Bayern 1991})
11... Nc6 12. e4 {/\e5} Bd6 $1 (12... e5 $6 13. Nb1 Nd4 14. Nc3 $14) 13. Qc2 (
13. b3 $2 Ne5 $17) 13... Ng4 $1 14. b3 h5 (14... Nd4 $2 15. Nxd4 cxd4 16. Nf3
e5 17. h3 Nf6 18. Nxd4 $1 exd4 19. e5 $16) (14... O-O $5 15. Bb2 f6 (15... Nge5
{/\Nb4-d3} 16. Nxe5 Bxe5 17. Bxe5 Qxe5 18. Nf3 Qc7 19. e5 f6 $13) 16. Rad1 Nge5
17. Nxe5 Bxe5 18. Nf3 Bxb2 19. Qxb2 e5 $15) 15. Bb2 f6 16. Rad1 O-O-O (16... h4
$2 17. Nxh4 Nxh2 (17... Rxh4 18. gxh4 Bxh2+ 19. Kf1 $16) 18. e5 $1 Nxe5 19.
Bxb7 Qxb7 20. Bxe5 Bxe5 21. Rxe5 fxe5 22. Qg6+ Kf8 23. Kxh2 $18) 17. Nf1 Nge5
18. Qd2 Nxf3+ (18... Be7 $2 19. a3 $14 {/\Bc3,b4}) 19. Bxf3 Be5 20. Bxe5 fxe5 (
20... Qxe5 21. Bg2 g5 22. Ne3 {/\Nd5} Qc7 23. Qc3 Nd4 $2 24. Rxd4 cxd4 25. Qxd4
$16) 21. Qg5 $1 (21. Bg2 $2 Nd4 $15 {><f3}) 21... h4 $5 (21... Nd4 22. Bxh5 Nc2
23. Re2 Nd4 24. Ree1 Nc2 $10) 22. Qxg7 $1 Nd4 23. Bg2 Rdg8 24. Qe7 {/\b4} a5
25. Rd3 d6 26. Qxc7+ (26. Qf6 $2 Qd7 $17 {/\Qe8,Rg6}) 26... Kxc7 $44 27. gxh4
$5 (27. h3 Bc6 28. g4 a4 29. Nd2 Rb8 $44) 27... Rxh4 28. Rg3 Rf8 29. Nd2 Rhf4
30. Rg7+ Kb6 31. f3 Bc6 32. Kf2 (32. h3 $5 Be8 33. Rg4 R4f6 34. Rg5 $1 {
/\Kh2-g3,h4}) 32... Nc2 33. Re2 (33. Rc1 $2 Nb4) 33... Nd4 34. Re3 Nc2 35. Re2
(35. Rc3 Nd4 36. Ke1 a4 $44) 35... Nd4 1/2-1/2